000 00398nam a2200157Ia 4500
008 210716s2011 xx 000 0 und d
020 _a9788121905534
041 _aeng
082 _a160 AGGR
100 _aAggarwal, R S.
245 _aModern approach to non verbal reasoning.
250 _a1
260 _aNew Delhi
_bS Chand and Company Ltd
_c2011
300 _a592
650 _aAptitude Test
999 _c187861
_d187861